000
00298nam a22001337a 4500
008
170529b xxu||||| |||| 00| 0 eng d
020
_a
9780534522360
041
_a
eng
080
_2
4TH
_a
93
100
_a
16
101
_a
SHH
245
_a
PUBLIC RELATIONS CASES
_c
HENDRIX, J.A
942
_2
udc
_c
BK
999
_c
14934
_d
14934